00840nam a2200241 i 450000100060000000300080000600500170001400800390003102000170007003500190008704000320010604100080013808200210014624500550016726000610022230000340028350400410031765100330035870000410039194200120043299900170044495201370046123200BD-RjUL20211209000913.0140310t19781977nyua b 001 0 eng a0710089295 : a(BD-RjUL)23265 aDLCcDLCdDLCdBD-RjULbeng aeng00a994.06bAUS 197800aAustralia :ba geography /cedited by D. N. Jeans. aNew York :bSt. Martin's Press,cc1977 [Reprinted 1978]. avii, 571 p. :bill. ;c26 cm. aIncludes bibliographies and indexes. 0aAustraliaxGeography.9678941 aJeans, D. N.q(Dennis Norman)971514 2ddccBK c23200d23200 00102ddc40728NFICaRUCLbRUCLcReadingd1982-04-09eHeffersg15.00l0o994.06 AUS 1978r2014-03-10 00:00:00tC-1w2014-03-10yBK